[Event "POL-chT U20 2nd League"]
[Site "Sypniewo"]
[Date "2025.06.20"]
[Round "3.12"]
[White "Dudek, Julia"]
[Black "Kaczmarczyk, Dominika"]
[Result "0-1"]
[WhiteElo "1505"]
[BlackElo "1620"]
[PlyCount "108"]
[EventDate "2025.06.18"]
[EventType "team-swiss"]
[EventRounds "9"]
[EventCountry "POL"]
[SourceTitle "CB27_2025"]
[SourceDate "2025.07.02"]
[SourceVersion "1"]
[SourceVersionDate "2025.07.02"]
[SourceQuality "1"]
[WhiteTeam "Tarnowskie Gory Mat"]
[BlackTeam "Poznan Politechnika"]
[WhiteTeamCountry "POL"]
[BlackTeamCountry "POL"]

1. e4 c5 2. Nc3 Nc6 3. f4 g6 4. Nf3 Bg7 5. a4 a6 6. d3 e6 7. g3 Nge7 8. Bg2 0-0 9. 0-0 d5 10. e5 b6 11. Bd2 Bb7 12. Qe1 Nf5 13. Ne2 f6 14. exf6 Bxf6 15. g4 Nfd4 16. Nexd4 Nxd4 17. Nxd4 Bxd4+ 18. Kh1 Qd7 19. c3 Bg7 20. Qg3 Rae8 21. a5 Qb5 22. Rfd1 bxa5 23. Rab1 Qd7 24. Re1 Qc7 25. Rf1 Bh6 26. Rbd1 d4 27. g5 Bg7 28. c4 e5 29. f5 gxf5 30. Ra1 Qb8 31. Rab1 a4 32. Kg1 e4 33. Qxb8 Rxb8 34. dxe4 fxe4 35. Bf4 Rbd8 36. Bc7 Rxf1+ 37. Rxf1 Rd7 38. Bg3 d3 39. Rd1 Bxb2 40. Bf4 a3 41. Bc1 Bxc1 42. Rxc1 d2 43. Rd1 e3 44. Bd5+ Bxd5 45. cxd5 Rxd5 46. Kf1 Rd3 47. Ke2 c4 48. h4 a2 49. h5 Rb3 50. g6 Rb1 51. gxh7+ Kxh7 52. h6 Rxd1 53. Kxd1 a1Q+ 54. Ke2 Qe1+ 0-1